| 000 | 00423nab a22001457 4500 | ||
|---|---|---|---|
| 003 | ES-SlBCS | ||
| 005 | 20210327224252.0 | ||
| 008 | 200217s2019 it ||||| |||| 00| 0 ita d | ||
| 040 |
_aES-SlBCS _bspa |
||
| 041 | _aita | ||
| 100 | 1 |
_aBellini, P. _967254 |
|
| 245 | 1 | 0 |
_aPaternità, autorevolezza e autorità _cP.P. Bellini |
| 773 | 0 |
_gvol. 35, fasc. 1, 2019, págs. 177-202 _tAnthropotes _wRev35 _x1120-2874 |
|
| 942 |
_2lcc _cAR |
||
| 999 |
_c483734 _d483734 |
||